Principles of corporate finance

שמור ב:
מידע ביבליוגרפי
מחבר ראשי: Brealey, Richard A.
פורמט: ספר
שפה:Undetermined
יצא לאור: Boston McGraw-Hill 2003
נושאים:
תגים: הוספת תג
אין תגיות, היה/י הראשונ/ה לתייג את הרשומה!
Thư viện lưu trữ: Trung tâm Học liệu Trường Đại học Cần Thơ
LEADER 00536nam a2200205Ia 4500
001 CTU_129995
008 210402s9999 xx 000 0 und d
020 |c 15 
082 |a 658.15 
082 |b B828 
100 |a Brealey, Richard A. 
245 0 |a Principles of corporate finance 
245 0 |c Richard A. Brealey, Stewart C. Myery 
260 |a Boston 
260 |b McGraw-Hill 
260 |c 2003 
650 |a Corporations 
650 |x Finance 
904 |i Tuyến 
980 |a Trung tâm Học liệu Trường Đại học Cần Thơ